An introduction to the finite element method : (Record no. 8057)

MARC details
000 -LEADER
fixed length control field 00901nac a22002171u 4500
010 ## - LIBRARY OF CONGRESS CONTROL NUMBER
LC control number 2003063425
020 ## - INTERNATIONAL STANDARD BOOK NUMBER
International Standard Book Number 0471267538 (ClOTH/CD-ROM)
082 00 - DEWEY DECIMAL CLASSIFICATION NUMBER
Classification number 620.151825
Item number THO
090 ## - LOCALLY ASSIGNED LC-TYPE CALL NUMBER (OCLC); LOCAL CALL NUMBER (OCLC)
-- 8057
-- 8057
100 ## - MAIN ENTRY--PERSONAL NAME
Personal name Thompson, Erik G.
245 13 - TITLE STATEMENT
Title An introduction to the finite element method :
Remainder of title theory, programming, and applications /
Statement of responsibility, etc Erik G. Thompson.
260 ## - PUBLICATION, DISTRIBUTION, ETC. (IMPRINT)
Place of publication, distribution, etc Hoboken, NJ :
Name of publisher, distributor, etc John Wiley,2005
Date of publication, distribution, etc 2005
300 ## - PHYSICAL DESCRIPTION
Extent xiii, 343 p. :
Other physical details ill. ;
Dimensions 26 cm.
500 ## - GENERAL NOTE
General note distributer: Al-Ahram
504 ## - BIBLIOGRAPHY, ETC. NOTE
Bibliography, etc Includes bibliographical references (p. 339-340) and index.
511 ## - PARTICIPANT OR PERFORMER NOTE
Participant or performer note catalogued by: wessam
650 #0 - SUBJECT ADDED ENTRY--TOPICAL TERM
Topical term or geographic name as entry element Finite element method.
856 42 - ELECTRONIC LOCATION AND ACCESS
Materials specified Publisher description
Uniform Resource Identifier <a href="http://www.loc.gov/catdir/description/wiley041/2003063425.html">http://www.loc.gov/catdir/description/wiley041/2003063425.html</a>
856 42 - ELECTRONIC LOCATION AND ACCESS
Materials specified Table of contents
Uniform Resource Identifier <a href="http://www.loc.gov/catdir/toc/wiley041/2003063425.html">http://www.loc.gov/catdir/toc/wiley041/2003063425.html</a>
942 ## - ADDED ENTRY ELEMENTS (KOHA)
Item type Book - Borrowing
Call number prefix 620.151825THO
Holdings
Withdrawn status Item status Damaged status Not for loan Home library Current library Shelving location Date acquired Source of acquisition Total Checkouts Total Renewals Full call number Barcode Date last seen Date last borrowed Koha item type
        Central Library Central Library First floor 20/02/2008 Purchase 2 8 620.151825THO 000009854 15/07/2025 12/08/2017 Book - Borrowing